000 00263nam a2200097Ia 4500
001 682972
005 20250826161429.0
008 250824s9999 xx 000 0 und d
245 0 _aOSMANLIDA İKTİDAR KAVGALARI
_cAHMET HALDUN TERZİOĞLU
260 _bPANAMA YAYINLARI
999 _c682972
_d682972